Can You Name the 55 Commonly Used Prepositions Quiz Stats

 Plays Quiz not verified by Sporcle

Support Sporcle.
Go Orange.
Score 0/55 Timer 10:00
0 Plays Today
Hint Answer % Correct
Above
91%
About
88.9%
Aboard
88.1%
Across
87.1%
In
84.8%
Amid
84.6%
At
84.5%
As
82.8%
After
82.3%
Among
81.3%
Along
80.9%
With
80.2%
Against
79.4%
Around
79.1%
On
79.1%
Inside
78.9%
Beneath
78.7%
Beside
78.7%
WIthout
77.9%
Below
77.6%
By
77.6%
To
76.3%
Out
76.1%
Of
75.8%
Within
75.8%
For
75.3%
Between
74.3%
Into
74.3%
Hint Answer % Correct
Before
74%
Up
73.8%
Down
73%
Outside
73%
From
72.7%
Behind
72.3%
Off
72.3%
But
72.2%
Besides
71.8%
Under
71.7%
Onto
71.2%
Through
69.9%
Beyond
69.7%
Near
69.7%
Concerning
69.1%
Like
69.1%
During
68.2%
Underneath
67.9%
Over
67.8%
Throughout
67.8%
Except
67.6%
Upon
66.3%
Since
65.3%
Till
65%
Toward
64.8%
Past
63.7%
Until
62.5%

You're not logged in!

Compare scores with friends on all Sporcle quizzes.
OR
Log In

From the Vault

SEC States

by tim_parr

Contrary to popular belief, SEC does not stand for Sporcle Educational Conference.
Remove Ads.
Support Sporcle.
Get the best of Sporcle when you Go Orange. This ad-free experience offers more features, more stats, and more fun while also helping to support Sporcle. Thank you for becoming a member.

Show Comments

Extras

Created Jan 26, 2017ReportNominate
Tags:preposition

Top Quizzes Today


Score Distribution

Your Account Isn't Verified!

In order to create a playlist on Sporcle, you need to verify the email address you used during registration. Go to your Sporcle Settings to finish the process.

Report this User

Report this user for behavior that violates our Community Guidelines.

Details: